Салықтық консалтинг: оқу құралы
Оқу құралында Қазақстан Республикасында қолданылатын салық консалтингінің теориялық және практикалық негіздері қарастырылған. Оқу құралы қолданыстағы заңнаманың, соның ішінде Қазақстан Республикасының Салық кодексінің, ҚР Әкімшілік Кодексінің баптарына және экономикалық әдебиеттерде жарияланатын мат...
Guardado en:
| Autor principal: | |
|---|---|
| Otros Autores: | |
| Formato: | Книга |
| Lenguaje: | Russian |
| Publicado: |
Астана
КазАТИУ
2022
|
| Acceso en línea: | https://e.lanbook.com/book/355721 https://e.lanbook.com/img/cover/book/355721.jpg |
| Etiquetas: |
Agregar Etiqueta
Sin Etiquetas, Sea el primero en etiquetar este registro!
|
| LEADER | 02380nam0a2200289 i 4500 | ||
|---|---|---|---|
| 001 | 355721 | ||
| 003 | RuSpLAN | ||
| 005 | 20240216150947.0 | ||
| 008 | 240216s2022 ru gs 000 0 rus | ||
| 020 | |a 978-601-257-372-5 | ||
| 040 | |a RuSpLAN | ||
| 041 | 0 | |a rus | |
| 044 | |a ru | ||
| 080 | |a 336:005.572 (075,8) | ||
| 084 | |a 65.261.4я73 |2 rubbk | ||
| 245 | 0 | 0 | |a Салықтық консалтинг: оқу құралы |c Жусупов Р. С.,Жолдоякова Г. Е. |
| 260 | |a Астана |b КазАТИУ |c 2022 | ||
| 300 | |a 89 с. | ||
| 504 | |a Библиогр.: доступна в карточке книги, на сайте ЭБС Лань | ||
| 520 | 8 | |a Оқу құралында Қазақстан Республикасында қолданылатын салық консалтингінің теориялық және практикалық негіздері қарастырылған. Оқу құралы қолданыстағы заңнаманың, соның ішінде Қазақстан Республикасының Салық кодексінің, ҚР Әкімшілік Кодексінің баптарына және экономикалық әдебиеттерде жарияланатын материалдарға негізделеді. Осы оқу құралында салықтық консалтингтің мәселелері, оның қағидаттары барынша түсінікті жазылған, Қазақстан Республикасының салық жүйесінің құрылымы қарастырылған, шаруашылық жүргізуші субъектілер мен жеке тұлғалардан алынатын ҚҚС, корпоративтік табыс салығы, акциздер, меншікке салынатын салықтар және т.б. сияқты негізгі салықтар, сондай-ақ арнаулы салық режимдері талданып, айқындалған. | |
| 521 | 8 | |a Книга из коллекции КазАТИУ - Экономика и менеджмент | |
| 521 | 8 | |a СЭБ | |
| 100 | 1 | |a Жусупов Р. С. | |
| 700 | 1 | |a Жолдоякова Г. Е. | |
| 856 | 4 | |u https://e.lanbook.com/book/355721 | |
| 856 | 4 | 8 | |u https://e.lanbook.com/img/cover/book/355721.jpg |
| 953 | |a https://e.lanbook.com/img/cover/book/355721.jpg | ||